00817 a2200193 45000010006000000050017000060080041000230030015000640400040000790800017001192450035001362640033001713000019002045050322002230410008005451000016005537000026005697000028005956325420260407155928.0260407a1965 arg spa dAR-UNSa-BCEJYS aAR-UNSa-BCEJYSbspacAR-UNSa-BCEJYS a512xAlgebra10aLecciones de álgebra moderna 1aBarcelona :bRevertéc1965 a434 p.c22 cm. a1. Leyes de composición - 2. Semigrupos. Grupos – 3. Generación de grupos – 4. Anillos y cuerpos – 5. Conjuntos ordenados. Retículos – 6. Axioma de Zorn – 7. Anillos noetherianos – 8. Complementos de la teoría de los grupos – 9. Espacios vectoriales – 10. Cuerpos. Ecuaciones algebraicas –  aspa1 aDubreil, P.1 aDubriel-Jacotin, M.L.1 aRodriguez Vidal, Rafael